00433 2200169 4500001002100000005001500021035002000036245004400056100002300100250001700123300003200140260003600172082000800208084001400216020002300230650001000253INLIS00000000000036720240605044305 a0010-06240000761 aDua Sahabat Hebat /cBambang Trimansyah0 aBambang Trimansyah acetakan ke-1 aiv, 42 hlm :bilus ;c21 cm aJakarta :bBalai Pustaka,c2007 a813 a813 BAM d a978-979-571-499-66 4aFiksi